| 000 | 00000nam 2200000za 4500 |
| 001 | 9.822482 |
| 003 | CaOODSP |
| 005 | 20221107143704 |
| 007 | cr ||||||||||| |
| 008 | 160812s1960 onc #o f101 0 eng d |
| 040 | |aCaOODSP|beng |
| 043 | |an-cn--- |
| 086 | 1 |aCS85-D-54A/1949E-PDF |
| 111 | 2 |aDominion-Provincial Conference on Criminal Statistics |n(1st : |d1949 :|cOttawa, Ont.) |
| 245 | 10|aSummary report of the Dominion-Provincial Conference on Criminal Statistics |h[electronic resource]. |
| 260 | |aOttawa : |bDominion Bureau of Statistics, |c1960. |
| 300 | |axvi, 15 p. |
| 500 | |aDigitized edition from print [produced by Statistics Canada]. |
| 500 | |a"May 1949." |
| 520 | |aThis document is a summary report of the proceedings of the first Dominion-Provincial Conference on Criminal Statistics, held in Ottawa on May 19 and 20, 1949. |
| 692 | 07|2gccst|aCrime |
| 692 | 07|2gccst|aStatistics |
| 692 | 07|2gccst|aConferences |
| 710 | 1 |aCanada. |bDominion Bureau of Statistics. |
| 856 | 40|qPDF|s1.32 MB|uhttps://publications.gc.ca/collections/collection_2016/statcan/CS85-D-54A-1949-eng.pdf |